Music Quiz

Random Music or Song Quiz
Score 0/25 Timer 10:00
0 Plays Today
Question Answer Wrong Answers
People of the Sun Evil Empire
97.3%
Rage Against the Machine
0%
Renegades
0%
The Battle of Los Angeles
2.7%
Killing In the Name Rage Against the Machine
97.3%
Renegades
0%
The Battle of Los Angeles
0%
Evil Empire
2.7%
Know Your Enemy Rage Against the Machine
97.3%
The Battle of Los Angeles
0%
Evil Empire
0%
Renegades
2.7%
Renegades of Funk Renegades
97.3%
Evil Empire
0%
The Battle of Los Angeles
0%
Rage Against the Machine
0%
Maggie's Farm Renegades
95.8%
The Battle of Los Angeles
0%
Evil Empire
4.2%
Rage Against the Machine
0%
Bombtrack Rage Against the Machine
94.6%
The Battle of Los Angeles
2.7%
Evil Empire
2.7%
Renegades
0%
Snakecharmer Evil Empire
93.8%
Renegades
0%
Rage Against the Machine
0%
The Battle of Los Angeles
0%
Year of tha Boomerang Evil Empire
93.8%
Rage Against the Machine
0%
The Battle of Los Angeles
0%
Renegades
0%
How I Could Just Kill a Man Renegades
91.9%
Evil Empire
0%
The Battle of Los Angeles
2.7%
Rage Against the Machine
2.7%
Guerilla Radio The Battle of Los Angeles
91.9%
Rage Against the Machine
0%
Evil Empire
5.4%
Renegades
0%
Take the Power Back Rage Against the Machine
91.7%
Renegades
4.2%
Evil Empire
0%
The Battle of Los Angeles
4.2%
Maggie's Farm Renegades
87.5%
Evil Empire
6.3%
Rage Against the Machine
0%
The Battle of Los Angeles
0%
Freedom Rage Against the Machine
87.5%
Evil Empire
0%
The Battle of Los Angeles
6.3%
Renegades
0%
Bullet in the Head Rage Against the Machine
87.5%
Renegades
0%
Evil Empire
8.3%
The Battle of Los Angeles
0%
Bulls on Parade Evil Empire
86.5%
Rage Against the Machine
8.1%
Renegades
0%
The Battle of Los Angeles
5.4%
Born of a Broken Man The Battle of Los Angeles
83.3%
Rage Against the Machine
4.2%
Renegades
4.2%
Evil Empire
8.3%
Pistol Grip Pump Renegades
81.3%
Rage Against the Machine
0%
Evil Empire
6.3%
The Battle of Los Angeles
6.3%
Microphone Fiend Renegades
81.1%
Rage Against the Machine
2.7%
Evil Empire
10.8%
The Battle of Los Angeles
2.7%
Sleep Now in the Fire The Battle of Los Angeles
79.2%
Rage Against the Machine
8.3%
Renegades
0%
Evil Empire
8.3%
Wake Up Rage Against the Machine
70.8%
Renegades
4.2%
The Battle of Los Angeles
12.5%
Evil Empire
8.3%
Tire Me Evil Empire
70.3%
Renegades
0%
The Battle of Los Angeles
27%
Rage Against the Machine
0%
Mic Check The Battle of Los Angeles
68.8%
Evil Empire
12.5%
Rage Against the Machine
0%
Renegades
18.8%
No Shelter The Battle of Los Angeles
67.6%
Rage Against the Machine
10.8%
Evil Empire
2.7%
Renegades
18.9%
Testify The Battle of Los Angeles
67.6%
Evil Empire
21.6%
Renegades
5.4%
Rage Against the Machine
5.4%
Voice of the Voiceless The Battle of Los Angeles
62.5%
Renegades
12.5%
Evil Empire
18.8%
Rage Against the Machine
6.3%
Come Together.
Have Fun.
All Virtual.
We all need to come together. Play Sporcle's virtual live trivia to have fun, connect with people, and get your trivia on. Join a live hosted trivia game for your favorite pub trivia experience done virtually. If a virtual private party is more your thing, go here for details.

You're not logged in!

Compare scores with friends on all Sporcle quizzes.
OR
Log In

Sporcle TV

Today on Sporcle TV


Watch our educational content, quiz creation guides, and fun videos on Sporcle TV.

Show Comments

Extras

Top Quizzes Today


Score Distribution

Paid Content

Your Account Isn't Verified!

In order to create a playlist on Sporcle, you need to verify the email address you used during registration. Go to your Sporcle Settings to finish the process.

Report this User

Report this user for behavior that violates our Community Guidelines.

Details: